Symetrická a komplementárna komunikácia v obchodných rokovaniach
Konflikty vznikajú v samotných účastníkoch rokovania ako i medzi nimi. Predstavujú napätú situáciu v procese rokovania. Podiel symetrickej komunikácie na vzniku konfliktov je preukázateľný rovnako ako aj ten fakt, že uplatňovanie komplementárnej komunikácie umožňuje obchodným partnerom obsahové i mo...
Gespeichert in:
| 1. Verfasser: | |
|---|---|
| Format: | Buchkapitel |
| Sprache: | Slowakisch |
| Schlagworte: | |
| Tags: |
Keine Tags, Fügen Sie das erste Tag hinzu!
|
MARC
| LEADER | 00000nla$a2200000$$$4500 | ||
|---|---|---|---|
| 001 | 0132449 | ||
| 005 | 20240502072510.7 | ||
| 041 | 0 | |a slo | |
| 044 | |a SK | ||
| 245 | 1 | 0 | |a Symetrická a komplementárna komunikácia v obchodných rokovaniach |c Milena Helmová |
| 520 | |a Konflikty vznikajú v samotných účastníkoch rokovania ako i medzi nimi. Predstavujú napätú situáciu v procese rokovania. Podiel symetrickej komunikácie na vzniku konfliktov je preukázateľný rovnako ako aj ten fakt, že uplatňovanie komplementárnej komunikácie umožňuje obchodným partnerom obsahové i motivačné objasnenie vzájomných vzťahov a napomáha k dosiahnutiu obojstranne akceptovateľného výsledku rokovania. | ||
| 610 | 2 | 0 | |a rokovania obchodné |
| 610 | 2 | 0 | |a komunikácia |
| 610 | 2 | 0 | |a konflikty |
| 610 | 2 | 0 | |a partneri obchodní |
| 100 | 1 | |a Helmová, Milena, 1954- | |